000 00433nam a2200145Ia 4500
008 231129s2002||||xx |||||||||||||| ||spa||
020 _a958-682-347-4
040 _bspa
082 _a322.5861 L435s
100 _aLeal Buitrago Francisco
245 0 _aLa seguridad nacional a la deriva: Del frente Nacional a la Posguerra Frí­a
260 _c2002
264 _aAlfaomega
942 _2ddc
_cBKS
999 _c18195
_d18195